000 00826nam2a2200241 4500
001 RU\NLR\bibl\865394
005 20250614160339.0
021 _aRU
_b2005-37101
_91846
035 _a(NLR Aleph) 000854046
090 _a1498243
_c1498243
100 _a20051102d2005 |||y0rusy50 ca
101 0 _arus
102 _aRU
105 _aa |||||||||
200 0 _a2005/2006
_eдлина свыше 10 метров
210 _d2005
_aБ. м.
215 _a415 с.
_cцв. ил.
461 0 _1001RU\NLR\bibl\897348
_12001#$aСовременные катера и яхты$v2005/2006
_91687485
_c[М.]
_d2004
_nПремьера
_o[каталог]
_tСовременные катера и яхты
_v2005/2006
801 0 _aRU
_bNLR
_c20051102
_grcr
801 1 _aRU
_bNLR
_c20051102
942 _cBOOK
980 _aNB